000 01602cam a22001814a 4500
005 20250605164143.0
008 250528s ||||||||||||||||||||||||d
035 _a19052
040 _aGR-AtMCL
_bgre
_dGR-AtMCL
_eAACR2
245 1 _aΕισαγωγή εις την Επαγγελματικήν Εκπαίδευσιν
260 _bΣχολή Εκπαιδευτικών Λειτουργών Εκπαιδεύσεως,
_c1973
300 _a264
520 _aΈννοια και Περιεχόμενον της Επαγγελματικής Εκπαιδεύσεως, Ιστορική Εξέλιξις της Επαγγελματικής Εκπαιδεύσεως, Υφιστάμενη Κατάστασις Εκπαιδεύσεως, Διάρθρωσις Επαγγελματικής Εκπαιδεύσεως, Δραστηριότητες των Επί Μέρους Φορέων Επαγγελματικής Εκπαιδεύσεως, Φορείς Δημόσιας Επαγγελματικής Εκπαιδεύσεως, Υπουργείον Απασχολήσεως, Υπουργείον Γεωργίας, Ισχύουσα Νομοθεσία Επαγγελματικής Εκπαιδεύσεως, Βασικά ή Προεδρικά Διατάγματα, Αρχαί Επαγγελματικής Εκπαιδεύσεως, Οργάνωσις Επαγγελματικής Εκπαιδεύσεως, Δυσχέρεια και Προβλήματα Επαγγελματικής Εκπαιδεύσεως.
700 1 _aΖάχαρης Ευστάθιος Αθ
_95320
942 _cBK
999 _c4336
_d4336